00425cam a22001574a 4500020003200000040000800032082002600040100002200066245003200088250001200120260003500132300003600167650002500203700002000228700001900248 a0072341440 (acidfree paper) cDLC00a005 MCG 2000 A003 Or.1 aHarrell, Charles,10aSimulation using ProModel / a3rd ed. aBoston :bMcGraw-Hill,cc2000. axviii, 603 p. :bill. ;c25 cm. 0aComputer simulation.1 aGhosh, Biman K.1 aBowden, Royce.